000
00285nam a22001337a 4500
008
181011b xxu||||| |||| 00| 0 eng d
020
_a
9781305260535
041
_a
eng
080
_a
004
100
_a
SHKI
101
_a
28
245
_a
Adobe Photoshop
_c
Eisner, E
942
_2
udc
_c
BK
999
_c
49400
_d
49400